000
00292nam a2200121Ia 4500
008
241002s9999 xx 000 0 und d
082
_a
070.40954 WOL
100
_a
Wolscle, Roland E.
245
0
_a
Journalism in Modern India
260
_a
Bombay:
_c
1954
600
_a
Journalism
942
_c
UC
999
_c
18546
_d
18546